banner-ar

الحاسب وتطبيقات نظم ادارة قواعد البيانات / (Record no. 41659)

MARC details
000 -الفاتح
حقل البيانات ثابتة الطول 00737nam a2200217Ia 4500
005 - وقت وتاريخ اخر تعامل مع التسجيلة
رقم الضبط 20240530103701.0
008 - عناصر البيانات ثابتة الطول - معلومات عامة
حقل البيانات ثابتة الطول 140319s9999 xx 000 0 ara d
040 ## - مصدر الفهرسة
وكالة الفهرسة الأصلية GCL /
وكالة النسخ GCL
082 04 - رقم تصنيف ديوى العشرى
رقم التصنيف 001.6424
رقم المادة م ح
100 1# - المدخل الرئيسى - إسم شخصى
الإسم الشخصى علاء الدين محمد فهمى
245 10 - بيان العنوان
العنوان الحاسب وتطبيقات نظم ادارة قواعد البيانات /
بيان المسئوليه,etc علاء الدين محمد فهمى
300 ## - الوصف المادى
التعداد 480
490 ## - بيان السلسلة
عنوان السلسلة مجموعة كتب دلتا
رقم المجلد/ التعيين التسلسلي 0
650 04 - المدخل الاضافى بالموضوع-مصطلح موضوعى
مصطلح موضوعي الحاسبات الالكترونية
650 04 - المدخل الاضافى بالموضوع-مصطلح موضوعى
مصطلح موضوعي قواعد البيانات
700 1# - المدخل الاضافى - اسم شخصى
الإسم الشخصى مصطفى رضا عبدالوهاب
700 1# - المدخل الاضافى - اسم شخصى
الإسم الشخصى محمد على الشرقاوى
942 ## - عناصر المدخل الإضافي( كوها)
مصدر التصنيف او مخطط الترفيف Dewey Decimal Classification
Koha [default] item type كتاب
260 ## - PUBLICATION, DISTRIBUTION, ETC. (IMPRINT)
-- [S.N] :
-- كتب دلتا
Holdings
حالة التراجع حالة الفقد حالة تلف ليس للاعارة المكان المؤقت الموقع الحالى تاريخ الاكتساب اجمالي اﻻعارات رقم الطلب الباركود تاريخ اخر مشاهدة تاريخ تفعيل السعر نوع وعاء كوها
        مكتبة القاهرة الكبرى مكتبة القاهرة الكبرى 03/26/2014   001.6424\م ح 100635 03/26/2014 03/26/2014 كتاب
        مكتبة القاهرة الكبرى مكتبة القاهرة الكبرى 03/26/2014   001.6424\م ح 100636 03/26/2014 03/26/2014 كتاب

Powered By

EGPV